000 00763nam a2200229Ia 4500
003 IN-BaIIA
005 20250703112826.0
008 211028s9999 xx 000 0 eng d
020 _a0-521-34354-2
040 _cIIA Library
080 _a524.8
_bBIS
100 _aBiswas, S. K.
_916458
245 0 _aCosmic perspectives
_bessays dedicated to the memory of M.K.V. Bappu
_cS. K. Biswas, D C V Mallik, and C V Vishveshwara
260 _aCambridge
_bCambridge University Press
_c1989
300 _axix, 249p.
650 _aAstronomy
_980
650 _aAstronomy and Astrophysics Thesaurus
650 _aCosmic Physics
_911148
700 _aMallik, D C V
_916460
700 _aVishveshwara, C V
942 _cBK
_2ddc
999 _c9969
_d9969